00601nam a22001817a 450000500170000001000150001702000260003203500140005803700130007208200100008524501150009526000420021027000660025230000240031870000240034270000220036670000310038820171017111033.0 aENG-121004 a9789380336558c450.00 aEN-104536 bDBAD/PUB a171.5 aSome essays on utilitarianism /ceditor by Uma Chattopadhyay Mahjabeen Jahan [and ] Pralayankar Bhattacharyya  aKolkatabUniversity of calcuttac2012 a4-A bankim Chatterjee street, college squarebKolkatae700073 avii,180p.c22cm(Hb) aChattopadhyay, Uma  aJahan, Mahjabeen  aBhattacharyy, Pralayankar